<?xml version="1.0" encoding="UTF-8"?><?xml-stylesheet type="text/xsl" href="static/style.xsl"?><OAI-PMH xmlns="http://www.openarchives.org/OAI/2.0/" xmlns:xsi="http://www.w3.org/2001/XMLSchema-instance" xsi:schemaLocation="http://www.openarchives.org/OAI/2.0/ http://www.openarchives.org/OAI/2.0/OAI-PMH.xsd"><responseDate>2026-04-18T06:55:14Z</responseDate><request verb="GetRecord" identifier="oai:www.recercat.cat:20.500.12327/3450" metadataPrefix="marc">https://recercat.cat/oai/request</request><GetRecord><record><header><identifier>oai:recercat.cat:20.500.12327/3450</identifier><datestamp>2025-10-22T11:30:42Z</datestamp><setSpec>com_2072_4428</setSpec><setSpec>com_2072_4427</setSpec><setSpec>col_2072_487898</setSpec></header><metadata><record xmlns="http://www.loc.gov/MARC21/slim" xmlns:dcterms="http://purl.org/dc/terms/" xmlns:xsi="http://www.w3.org/2001/XMLSchema-instance" xmlns:doc="http://www.lyncode.com/xoai" xsi:schemaLocation="http://www.loc.gov/MARC21/slim http://www.loc.gov/standards/marcxml/schema/MARC21slim.xsd">
   <leader>00925njm 22002777a 4500</leader>
   <datafield ind2=" " ind1=" " tag="042">
      <subfield code="a">dc</subfield>
   </datafield>
   <datafield ind2=" " ind1=" " tag="720">
      <subfield code="a">Bellvert, Joaquim</subfield>
      <subfield code="e">author</subfield>
   </datafield>
   <datafield ind2=" " ind1=" " tag="720">
      <subfield code="a">Pàmies Sans, Magí</subfield>
      <subfield code="e">author</subfield>
   </datafield>
   <datafield ind2=" " ind1=" " tag="720">
      <subfield code="a">Quintana Seguí, Pere</subfield>
      <subfield code="e">author</subfield>
   </datafield>
   <datafield ind2=" " ind1=" " tag="720">
      <subfield code="a">Casadesus, Jaume</subfield>
      <subfield code="e">author</subfield>
   </datafield>
   <datafield ind2=" " ind1=" " tag="260">
      <subfield code="c">2024-08-27</subfield>
   </datafield>
   <datafield ind2=" " ind1=" " tag="520">
      <subfield code="a">The agricultural sector is currently facing the uncertainty that accompanies climate change in terms of the availability of water resources, as well as the need to balance the water demand for agricultural irrigation with other uses in river basins. In Spain, irrigation districts (IDs) play a very important role in the management of water resources. The efficiency of ID water management involves finding an equilibrium between supply and demand. It is in relation to the latter where the uncertainty is greatest, because until now no tools have been available to characterize water demands with sufficient precision throughout irrigation campaigns. ID managers need precise information and the development of tools to support decision making in planning and water management. Therefore, this study aims to identify, compare and analyse the differences between the demands, allocations and consumptions of water for irrigation in different IDs of the eastern part of the Ebro basin during six consecutive growing seasons. In addition, projections of water demands up to 2100 are conducted using a dataset of six global climate models under different climate scenarios. Novel advances in remote sensing for evapotranspiration approaches using Copernicus-based inputs were used in this study. Large variabilities in water demands among IDs and in the adjustments between demands and allocations were observed, suggesting there is still much room for the improvement of water management. All climate projections have a very clear pattern indicating an upward trend in water demands until the end of the century.</subfield>
   </datafield>
   <datafield ind1="8" ind2=" " tag="024">
      <subfield code="a">Bellvert, Joaquim, Magí Pamies-Sans, Pere Quintana-Seguí, and Jaume Casadesús. 2025. “Analysis and Forecast of Crop Water Demand in Irrigation Districts Across the Eastern Part of the Ebro River Basin (Catalonia, Spain): Estimation of Evapotranspiration Through Copernicus-based Inputs.” Irrigation Science 43 (4): 637–54. https://doi.org/10.1007/s00271-024-00971-1.</subfield>
   </datafield>
   <datafield ind1="8" ind2=" " tag="024">
      <subfield code="a">0342-7188</subfield>
   </datafield>
   <datafield ind1="8" ind2=" " tag="024">
      <subfield code="a">http://hdl.handle.net/20.500.12327/3450</subfield>
   </datafield>
   <datafield ind1="8" ind2=" " tag="024">
      <subfield code="a">https://doi.org/10.1007/s00271-024-00971-1</subfield>
   </datafield>
   <datafield ind2="0" ind1="0" tag="245">
      <subfield code="a">Analysis and forecast of crop water demand in irrigation districts across the eastern part of the Ebro river basin (Catalonia, Spain): estimation of evapotranspiration through copernicus-based inputs</subfield>
   </datafield>
</record></metadata></record></GetRecord></OAI-PMH>